| 000 | 00401nam a2200157Ia 4500 | ||
|---|---|---|---|
| 008 | 230718s9999 xx 000 0 und d | ||
| 041 | _aeng | ||
| 082 |
_a540 _bJAI |
||
| 100 | _aJain S. | ||
| 245 | _aManual Of Practical Engineering Chemistry | ||
| 260 | _bS Chand | ||
| 300 | _a157 | ||
| 365 |
_cRs. _b65.00 |
||
| 700 |
_aJain S. & Sinha S. _9189758 |
||
| 906 |
_dB:BMQ7CRQQ244408-Dec-2007 _cALLEDS |
||
| 999 |
_c317965 _d317965 |
||